00323 2200133 4500001002100000005001500021035002000036245005900056100002000115300001200135260002000147082001000167990001200177INLIS00000000000228120250527031030 a0010-05250005731 aSejarah Nasional Indonesia dan Umum /cI Wayan Badrika0 aI Wayan Badrika a280 hlm bErlangga,c2000 a025.5 a0712730